Do Alumni Have an Advantage? Evidence From Venture Capital Investment
Úloha rizikového kapitálu pri zvyšovaní konkurencieschopnosti podnikov a podpore udržateľného rozvoja je všeobecne známa. V existujúcej literatúre sa však venuje len obmedzená pozornosť zložitosti spôsobu, akým investori rizikového kapitálu formulujú investičné rozhodnutia. Táto štúdia rieši túto me...
Gespeichert in:
| 1. Verfasser: | |
|---|---|
| Weitere Verfasser: | , |
| Format: | Buchkapitel |
| Sprache: | Englisch |
| Schlagworte: | |
| Tags: |
Keine Tags, Fügen Sie das erste Tag hinzu!
|
MARC
| LEADER | 00000naa a2200000 4500 | ||
|---|---|---|---|
| 001 | 0310830 | ||
| 005 | 20250924094145.3 | ||
| 041 | 0 | |a eng | |
| 044 | |a CZ | ||
| 245 | 1 | 0 | |a Do Alumni Have an Advantage? Evidence From Venture Capital Investment |c Qiang Liu, Jian Liang, Guowan Yan |
| 520 | |a Úloha rizikového kapitálu pri zvyšovaní konkurencieschopnosti podnikov a podpore udržateľného rozvoja je všeobecne známa. V existujúcej literatúre sa však venuje len obmedzená pozornosť zložitosti spôsobu, akým investori rizikového kapitálu formulujú investičné rozhodnutia. Táto štúdia rieši túto medzeru využitím komplexných údajov na úrovni investičných udalostí z čínskeho kontextu. Zameriavame sa na skúmanie vplyvu vzťahov s absolventmi na investičné rozhodnutia investorov rizikového kapitálu a na posúdenie ich výkonnosti po investícii. | ||
| 610 | 2 | 0 | |a kapitál rizikový |
| 610 | 2 | 0 | |a konkurencieschopnosť |
| 610 | 2 | 0 | |a investície |
| 610 | 2 | 0 | |a dôkazy |
| 100 | 1 | |a Liu, Qiang | |
| 700 | 1 | |a Liang, Jian | |
| 700 | 1 | |a Yan, Guowan | |